• 首页
  • 本馆介绍
  • 公告通知
  • 最新文献
  • 馆藏检索
  • 电子资源
  • 读者导购
  • 参考咨询
  • 我的图书馆
  • 登录
  • 详细信息显示
  • 放入我的书架
  • 预约/预借图书
  • 作者相关作品
  • 分类相关作品
  • 丛书相关作品
  • 出版社相关作品

书目信息

  • 表格格式
  • 工作单格式
  • 卡片格式
题名:
塞浦路斯简史
    
 
作者: 斯布里达奇斯 著 ;北京第二外国语学院英语系翻译组 译
分册:  
出版信息: 北京   北京人民出版社  1973.12
页数: 171页
开本: 19cm
丛书名:
单 册:
中图分类: K375
科图分类:
主题词: 西亚--历史
电子资源:
ISBN:
000 00709nam0 2200217 45
001 0212200913
005 20031219104102.2
010    @dCNY0.59
091    @a11071.6
100    @a20021220d1973 km y0chiy0120 ea
101 0  @achi
105    @ab z 000yy
200 1  @a塞浦路斯简史@ASai Pu Lu Si Jian Shi@f(塞)C.斯布里达奇斯著@F(Sai)C.Si Bu Li Da Qi Si Zhu@g北京第二外国语学院英语系翻译组译
210    @a北京@c北京人民出版社@d1973.12
215    @a171页@c附图@d19cm
606 0  @a西亚@x历史
690    @aK375@v3
701  0 @a斯布里达奇斯@4著
711 02 @a北京第二外国语学院英语系翻译组@ABei Jing Di Er Wai Guo Yu Xue Yuan Ying Yu Xi Fan Yi Zu@4译
801    @aCN@bTSTC@c20021220
905    @f1@b219226@dK375@e7
    
    塞浦路斯简史/(塞)C.斯布里达奇斯著/北京第二外国语学院英语系翻译组译.-北京:北京人民出版社,1973.12
    171页:附图;19cm
    
    
    ISBN :CNY0.59
    
●
相关链接 在E读中查询图书 在五车中查询图书 在当当中查询图书 在豆瓣中查询图书


正题名:塞浦路斯简史     索取号:K375/7         预约/预借

序号 登录号 条形码 馆藏地/架位号 状态 备注
1 0219226   001746347   第二样本阅览室/ [索取号:K375/7] 在馆    
唐山师范学院图书馆 欢迎您!
大连网信软件有限公司© 版权所有